|
|
|
|
| LEADER |
00920nam a2200253 a 4500 |
| 001 |
4795 |
| 003 |
BD-DhAAL |
| 008 |
090504s1970 nyua b 001 0 eng d |
| 999 |
|
|
|c 356
|d 356
|
| 010 |
|
|
|a \\\67024947
|
| 020 |
|
|
|a 070115494
|
| 040 |
|
|
|a DLC
|c DLC
|d DLC
|d BD-DhAAL
|
| 082 |
0 |
0 |
|a 301.5
|2 13
|
| 100 |
1 |
|
|a Coe, Rodney M.
|9 41742
|
| 245 |
1 |
0 |
|a Sociology of medicine /
|c [by] Rodney M. Coe.
|
| 260 |
|
|
|a New York :
|b McGraw-Hill,
|c [1970]
|
| 300 |
|
|
|a viii, 388 pages :
|b illustrations ;
|c 23 cm.
|
| 490 |
0 |
|
|a McGraw-Hill series in sociology
|
| 504 |
|
|
|a Includes bibliographical footnotes.
|
| 541 |
1 |
|
|e 4795
|
| 650 |
|
0 |
|a Social medicine.
|9 41743
|
| 852 |
4 |
|
|a Ayesha Abed Library
|j General Stacks
|
| 942 |
|
|
|2 ddc
|c BK
|
| 952 |
|
|
|0 0
|1 0
|2 ddc
|4 0
|6 301_500000000000000_COE_1970
|7 0
|8 NFIC
|9 322
|a BRACUL
|b BRACUL
|c GEN
|d 2009-05-04
|g 0.00
|l 0
|o 301.5 COE
|p 3010004795
|r 2009-05-04
|t 1
|w 2009-05-04
|y BK
|x No price found in the accession register.
|